| 000 | 00793nam a2200217 a 4500 | ||
|---|---|---|---|
| 005 | 20220520113307.0 | ||
| 008 | 991125c1996 mx 000 0 spa u | ||
| 020 | _a9688806676 | ||
| 035 | _aUPN01000027754 | ||
| 049 | _aLT | ||
| 050 | 4 |
_aLB1642 M6.3 _bG6.3 |
|
| 100 | 1 | _aGómez Méndez, Sergio Orlando | |
| 245 | 1 | 0 |
_aHistoria 3 : _btiempos de México / _cSergio Orlando Gómez Méndez, José Rodríguez Arvizu, Silvia Ramírez Campos |
| 260 |
_aMéxico : _bPrentice-Hall Hispanoamericana, _c1996 |
||
| 300 |
_axix, 329 p. : _bil., fots. |
||
| 520 | _a"De acuerdo con los nuevos programas de la SEP" | ||
| 651 | 4 |
_aMéxico _xHistoria _xEstudio y enseñanza (Secundaria) _99913 |
|
| 700 | 2 |
_aRodríguez Arvizu, José, _ecoaut. |
|
| 700 | 2 |
_aRamírez Campos, Silvia, _ecoaut. |
|
| 905 | _aLibro | ||
| 999 |
_c27754 _d27754 |
||